| 000 | 00437nam a2200133Ia 4500 | ||
|---|---|---|---|
| 008 | 220216s9999 xx 000 0 und d | ||
| 100 | _aEllul M D | ||
| 245 | 0 | _aNovel low temperature resistant thermoplastic elastomers for speciality applications | |
| 260 |
_bPlastics, Rubber and Composites Processing and Applications _c1997 |
||
| 300 | _a137-142 | ||
| 650 | _aPlasticisers effect | ||
| 650 | _aThermoplastic elastomers | ||
| 942 | _cJS | ||
| 999 |
_c64098 _d64098 |
||